000 00359nam a2200133Ia 4500
008 240624s9999 xx 000 0 und d
041 _aeng
082 _a658.4092 PAS
100 _aPASSMORE JONATHAN
245 _aLEADERSHIP COACHING WORKING WITH LEADERS
260 _c2010
_aNew Delhi
_bKogan Page
300 _axxii, : 313 : p. : cm. ; 23
365 _cRS
_b27
999 _c15501
_d15501